000 00659cam a22001931 4500
001 ca 25000381
003 DLC
005 20260227111114.0
008 850320s1921 mdu 000 0 eng
010 _aca 25000381
035 _a(OCoLC)11827776
040 _aDLC
_cT
_dOCoLC
_dDLC
042 _apremarc
050 0 0 _aF176
_b.M32
110 2 _aMaryland Historical Society.
245 0 0 _aMaryland Historical Society, 1844-1921.
_b[An historical sketch and description of its building and collections, with an appeal for financial support]
260 _a[Baltimore,
_bPress of N.T.A. Munder & co., 1921]
300 _a19,[1] p.
_billus. (incl. facsim.)
_c31 cm.
999 _c15955
_d15955